| 000 | 00654cam a22002291 4500 | ||
|---|---|---|---|
| 001 | e 22000348 | ||
| 003 | DLC | ||
| 005 | 20260227111213.0 | ||
| 008 | 761208s1912 xx 000 0 eng | ||
| 010 | _ae 22000348 | ||
| 035 | _a(OCoLC)2606255 | ||
| 040 |
_aDLC _cGStG _dDLC |
||
| 042 | _apremarc | ||
| 050 | 0 | 0 |
_aPN1031 _b.B73 |
| 100 | 1 |
_aBradley, A. C. _q(Andrew Cecil), _d1851-1935 |
|
| 245 | 1 | 4 |
_aThe uses of poetry, _cby A. C. Bradley. |
| 260 |
_a[Oxford, _bPrinted by H. Hart, at the University press] _c1912. |
||
| 300 |
_a14 p. _c25 cm. |
||
| 490 | 0 |
_aThe English association. Leaflet _vno. 20 |
|
| 500 | _aCover title. | ||
| 650 | 0 | _aPoetry. | |
| 999 |
_c20518 _d20518 |
||